000 00956nam a2200277Ia 4500
001 Para_1163
003 CHAP
008 220125s1997 xx 000 0 und d
010 _a199889
040 _cCHAP
090 _aPA TESIS 1129
100 _aRobles García, Pedro Luis
_998075
245 _aEvaluación del Kodiak (Bacillus subtilis), en tratamiento a semilla para el control de enfermedades radicales de maíz en Chapingo, Edo. de México /
_c por Pedro Luis Robles García
260 _aChapingo, Méx. :
_b El autor
300 _a41 h.
502 _aTesis (Ing. Agr. Esp. en Parasitología Agrícola), UACh. Depto. Parasitología
650 _aMaíz
_x enfermedades
_970939
710 _aUACh. Departamento Parasitología Agrícola
_9164025
901 _aPA TESIS 1129
902 _aA
905 _a0000001997 0000000000 00
910 _a1997
942 _cPARA
942 _cPARA
_d1
999 _c199889
_d199889